Trendy využívania informačných a komunikačných technológií v cestovnom ruchu

Rozvoj informačných a komunikačných technológií v cestovnom ruchu. Zvyšovanie efektívnosti marketingu, flexibility a konkurencieschopnosti. Hlavné faktory určujúce stratégiu subjektov cestovného ruchu. Dostupnosť online informácií. Digitalizácia podnikov cestovného ruchu.

Salvato in:
Dettagli Bibliografici
Autore principale: Benešová, Dana, 1958-
Natura: Capitolo di libro
Lingua:slovacco
Soggetti:
Tags: Aggiungi Tag
Nessun Tag, puoi essere il primo ad aggiungerne!!

MARC

LEADER 00000naa$a2200000$$$4500
001 0114018
005 20240502072252.9
041 0 |a slo 
044 |a SK 
245 1 0 |a Trendy využívania informačných a komunikačných technológií v cestovnom ruchu  |c Dana Benešová 
520 |a Rozvoj informačných a komunikačných technológií v cestovnom ruchu. Zvyšovanie efektívnosti marketingu, flexibility a konkurencieschopnosti. Hlavné faktory určujúce stratégiu subjektov cestovného ruchu. Dostupnosť online informácií. Digitalizácia podnikov cestovného ruchu. 
610 2 0 |a ruch cestovný 
610 2 0 |a podnik ruchu cestovného 
610 2 0 |a digitalizácia 
610 2 0 |a technológie informačné 
610 2 0 |a technológie komunikačné 
610 2 0 |a komunikácia elektronická 
610 2 0 |a internet 
100 1 |a Benešová, Dana, 1958-